000 01823nam a2200325 i 4500
003 DO-SdBNP
005 20260525200946.0
006 a||||gr|||| 00| 0
007 ta
008 231020n200? dr aobc| |||| 00| 0 spa d
040 _aDO-SdBNP
_bspa
_cBNPHU
_erda
041 _aspa
082 4 _223
_bR696a
_a972.9317
100 _4aut.
_aRodríguez Bueno, Juan José
_eautor
_989743
245 1 0 _aAsí es la provincia Santiago Rodríguez. /
_cJuan José Rodríguez Bueno ; portada, Rafael B. Pujols.
264 _a[Santiago Rodríguez,] República Dominicana :
_bImpresos Reyes,
_c[200?]
300 _a221 páginas :
_bIlustraciones, fotografías, mapas, retratos ;
_c21 cm
336 _2rdacontent
_atexto
_btxt
337 _2rdamedia
_asin mediación
_bn
338 _2rdacarreir
_avolumen
_bnc
500 _aIncluye datos biográficos del autor en la contracubierta.
504 _aBibliografía: páginas [22 - 23].
505 _aMarco Físico de la Provincia.
_tEvolución histórico- Político.--
_tGeneral Santiago Rodríguez, Ideólogo de la Restauración.--
_tSabaneta, Cuna de la Restauración.--
_tProducción Agrícola.--
_tProducción Pecuaria.--
_tEvolución Educativa y Cultural.--
_tMedios de Comunicación.--
_tSus Autoridades, Líderes Comunitarios y Políticos Aspectos Religiosos.--
_tAspectos Religiosos.--
_tValores Artísticos y Folklóricos.--
_tMunicipio de Monción.--
_tDistrito Municipal de Villa Los Almacigos.
590 _aInventariado 2023 / MF
651 _aSantiago Rodríguez (República DOminicana : Provincia)
_xHistoria
_989744
651 _aSantiago Rodríguez (República DOminicana : Provincia)
_xGeografía
_989745
651 _aSantiago Rodríguez (República DOminicana : Provincia)
_xCondiciones económicas
_989746
700 1 _aPujols, Rafael B.,
_eilustrador
_984506
942 _2ddc
_cLBS1
999 _c55212
_d55212